000 00739nam a22001815i 4500
001 157457
003 ES-MaACL
005 20250905063051.0
008 010713s1893 fr |||| | fre d
040 _aCAM
_bspa
_cCAM
100 1 _aLefranc, Abel,
_d1863-1952
_971251
245 1 0 _aHistoire du Collège de France
_b: depuis des origines jusqu'a la fin du premier empire /
_cpar Abel Lefranc.
260 _aParis :
_blibrairie Hachette et C\pie\s,
_c1893.
300 _aXIV, 429 p. ;
_c24 cm.
610 2 _aColegio de Francia-
_xHistoria.
_9134263
852 _aES-MaACL
_jF-6815
_z-- Enc. pasta española
_x-- Edic.: añadir en T260 (Corbeil : Ed. Crété) -- Este ejemp. tiene 432 p. y [1] h. lám.
999 _c157457
_d157457